Lineamientos generales de los procesos curriculares indicadores de logros curriculares para la educación formal resolución n§ 2343 de 1996

Furkejuvvon:
Bibliográfalaš dieđut
Searvvušdahkki: Ministerio de Educación Nacional (Dahkki)
Materiálatiipa: Girji
Giella:espánnjágiella
Almmustuhtton: Bogotá Punto Exe 1996
Fáttát:
Fáddágilkorat: Lasit fáddágilkoriid
Eai fáddágilkorat, Lasit vuosttaš fáddágilkora!

MARC

LEADER 00000nam a2200000 a 4500
001 UCN7685
003 CL-VaPUC
008 011019e19960000CK |||||||||||||||||spa|d
082 0 4 |a 375  |b MIN  |2 21 
110 2 |a Ministerio de Educación Nacional  |e author  |9 463668 
245 1 0 |a Lineamientos generales de los procesos curriculares indicadores de logros curriculares para la educación formal resolución n§ 2343 de 1996 
300 |a 72 p 
942 |c BK 
945 |d 20011019 00:00:00  |a rbrito 
260 |a Bogotá  |b Punto Exe  |c 1996 
650 0 |a Currículo  |9 307290 
650 0 |a Desarrollo curricular  |9 365285 
650 0 |a Educación básica   |9 224933 
650 0 |a Educación preescolar  |9 260381 
651 0 |a Colombia  |9 256424 
583 |a last modification  |c 20011019 00:00:00  |k Rodrigo Vera 
999 |c 297899  |d 297897 
952 |0 0  |1 0  |4 0  |6 375_000000000000000_MIN_1996  |7 0  |8 P  |9 352942  |a BIBEDU  |b BIBEDU  |c BIBEDU_PB  |d 2019-11-21  |i 3720918  |o 375 MIN 1996  |p 3720918  |r 2024-01-25  |w 2019-11-21  |y BK  |k BME